meritum Daňový řád 2021

Saved in:
Bibliographic Details
Main Author Lenka, Hrstková, Dubšeková
Format Electronic eBook
LanguageCzech
Published Wolters Kluwer 2021
Edition1. elektronické vydání
Subjects
Online AccessDostupné v BOOKPORT po přihlášení pomocí eduID
ISBN978-80-7676-087-5
Physical Description1 online zdroj (258 stran)

Cover

LEADER 00000nam a2200000 i 4500
001 bkp769665126
003 CZ-prgp
005 20221111113033.0
006 m o d
007 cr cn
008 221111s2021 xr o 000 0 cze
020 |a 978-80-7676-087-5  |c 433 Kč  |q (online ; epub) 
020 |a 978-80-7676-087-5  |c 509 Kč  |q (print) 
040 |a Grada  |b cze  |e rda 
100 1 |a Lenka, Hrstková, Dubšeková 
245 1 0 |a meritum Daňový řád 2021  |c Dubšeková Lenka Hrstková 
250 |a 1. elektronické vydání 
264 1 |b Wolters Kluwer  |c 2021 
300 |a 1 online zdroj (258 stran) 
336 |a text  |b txt  |2 rdacontent 
337 |a počítač  |b c  |2 rdamedia 
338 |a online zdroj  |b cr  |2 rdacarrier 
520 3 |a Nové vydání již nabízíme v předprodeji ZDE >> meritum Daňový řád obsahuje z hlediska praktického využití srozumitelný výklad problematiky správy daní a je koncipováno jako každodenní pomůcka pro všechny, kteří se chtějí v této oblasti orientovat. Publikace je rozdělena do tří částí: principy správy daní, problematika správy daní a její součásti, sankce a soudní řízení. Výklad je doplněn o praktické přílohy, například vzory podání, tabulky a schémata, a je zpracován ve znění právních předpisů k 1. 1. 2021. Ze změn pro rok 2021 vybíráme: V rámci podpory elektronizace správy daní byla zavedena možnost podávat datovou zprávu se zaručenou identitou, byla rozšířena využitelnost daňové informační schránky, byla prodloužena lhůta pro podání daňového přiznání o jeden měsíc. Došlo ke zjednodušení procesu při zahájení a ukončení daňové kontroly. Byla provedeny systematické a věcné změny v oblasti úroků hrazených daňovým subjektem a správcem daně. Byla zavedena možnost vyplacení zálohy na daňový odpočet. Do merita, které letos vychází jen ve formě e-knihy, byla zapracována zásadní novela daňového řádu účinná od 1. 1. 2021, byla doplněna soudní rozhodnutí za poslední dva roky, byly doplněny příklady na lhůty pro podání daňového přiznání. 
650 0 4 |a Daně 
856 4 0 |u https://www.bookport.cz/AccountSaml/SignIn/?idp=https://shibboleth.utb.cz/idp/shibboleth&returnUrl=/kniha/meritum-danovy-rad-2021-11119/  |y Dostupné v BOOKPORT po přihlášení pomocí eduID